ARRUPE JESUIT UNIVERSITY

CORONAVIRUS -STOP THE SPREAD - CLEAN,DISINFECT,COVER

Alfred Beit (Record no. 118642)

MARC details
000 -LEADER
fixed length control field 00398nam a22001337a 4500
008 - FIXED-LENGTH DATA ELEMENTS--GENERAL INFORMATION
fixed length control field 131122b xxu||||| |||| 00| 0 eng d
050 ## - LIBRARY OF CONGRESS CALL NUMBER
Classification number SPC DT929.5.B4F6
100 ## - MAIN ENTRY--PERSONAL NAME
Personal name Fort, George Seymour
9 (RLIN) 3681
245 ## - TITLE STATEMENT
Title Alfred Beit
Remainder of title A study of the man and his work
260 ## - PUBLICATION, DISTRIBUTION, ETC. (IMPRINT)
Place of publication, distribution, etc London
Name of publisher, distributor, etc Ivor Nicholason & Watson
Date of publication, distribution, etc 1932
300 ## - PHYSICAL DESCRIPTION
Extent 221p.;
Dimensions 21cm.
600 ## - SUBJECT ADDED ENTRY--PERSONAL NAME
Personal name Beit, Alfred
9 (RLIN) 3691
942 ## - ADDED ENTRY ELEMENTS (KOHA)
Source of classification or shelving scheme Library of Congress Classification
Item type Monograph ( Printed materials)
Holdings
Withdrawn status Lost status Source of classification or shelving scheme Damaged status Not for loan Home library Current library Date acquired Total Checkouts Full call number Barcode Date last seen Price effective from Koha item type
    Library of Congress Classification     ARRUPE LIBRARY ARRUPE LIBRARY 22/11/2013   SPC DT929.5.B4F6 464122745 22/11/2013 22/11/2013 Monograph ( Printed materials)

 

Arrupe Library. PO Box MP320 Mt Pleasant, Harare, Zimbabwe
263 242 745411|librarian@aju.ac.zw